Memoir of the life and character of Rev. Lewis Warner Green: with a selection from his sermons
| Main Author: | |
|---|---|
| Corporate Author: | |
| Format: | Electronic Book |
| Language: | English |
| Check availability: | HBZ Gateway |
| Interlibrary Loan: | Interlibrary Loan for the Fachinformationsdienste (Specialized Information Services in Germany) |
| Published: |
New York
Scribner
1871
|
| In: | Year: 1871 |
| Further subjects: | B
Presbyterian Church
Sermons
B Protestantism B Green, Lewis Warner 1806-1863 B Sermons, American |
| Online Access: |
Full text online Volltext (kostenfrei) |
| Sammlungen: |
MARC
| LEADER | 00000cam a22000002c 4500 | ||
|---|---|---|---|
| 001 | 1893784274 | ||
| 003 | DE-627 | ||
| 005 | 20251227180811.0 | ||
| 007 | cr uuu---uuuuu | ||
| 008 | 240703s1871 xx |||||o 00| ||eng c | ||
| 035 | |a (DE-627)1893784274 | ||
| 035 | |a (DE-599)KXP1893784274 | ||
| 035 | |a (PRTC)memoiroflifechar00hals | ||
| 040 | |a DE-627 |b ger |c DE-627 |e rda | ||
| 041 | |a eng | ||
| 050 | 0 | |a BX 9225.G82 | |
| 082 | 0 | |a 922.573 | |
| 084 | |a 1 |2 ssgn | ||
| 100 | 1 | |a Halsey, Le Roy J. |d 1812-1896 |e VerfasserIn |4 aut | |
| 245 | 1 | 0 | |a Memoir of the life and character of Rev. Lewis Warner Green |b with a selection from his sermons |c By Le Roy J. Halsey |
| 264 | 1 | |a New York |b Scribner |c 1871 | |
| 300 | |a 1 Online-Ressource (xi, 491 p.) |b ports. | ||
| 336 | |a Text |b txt |2 rdacontent | ||
| 337 | |a Computermedien |b c |2 rdamedia | ||
| 338 | |a Online-Ressource |b cr |2 rdacarrier | ||
| 500 | |a Sermons: p. [103]-491 | ||
| 600 | 1 | 0 | |a Green, Lewis Warner |c 1806-1863 |
| 650 | 0 | |a Presbyterian Church |x Sermons | |
| 650 | 0 | |a Sermons, American | |
| 655 | 0 | |a Protestantism | |
| 710 | 2 | |a Princeton Theological Seminary |e MitwirkendeR |4 ctb | |
| 856 | 4 | 0 | |u https://commons.ptsem.edu/id/memoiroflifechar00hals |m X:PRTC |x Digitalisierung |z kostenfrei |7 0 |
| 856 | 4 | 2 | |u http://name.umdl.umich.edu/AGU9850 |m X:PRTC |3 Full text online |7 1 |
| 935 | |a PRTC |a mteo | ||
| 951 | |a BO | ||
| ELC | |a 1 | ||
| LOK | |0 000 xxxxxcx a22 zn 4500 | ||
| LOK | |0 001 4546311435 | ||
| LOK | |0 003 DE-627 | ||
| LOK | |0 004 1893784274 | ||
| LOK | |0 005 20240703124658 | ||
| LOK | |0 008 240703||||||||||||||||ger||||||| | ||
| LOK | |0 035 |a (DE-Tue135)memoiroflifechar00hals | ||
| LOK | |0 040 |a DE-Tue135 |c DE-627 |d DE-Tue135 | ||
| LOK | |0 092 |o n | ||
| LOK | |0 689 |a f |a Book | ||
| LOK | |0 852 |a DE-Tue135 | ||
| LOK | |0 852 1 |9 00 | ||
| LOK | |0 866 |x SPQUE#Theological Commons Princeton | ||
| LOK | |0 935 |a PRTC | ||
| LOK | |0 939 |a 03-07-24 |b l01 | ||
| OAS | |a 1 | ||
| ORI | |a SA-MARC-ixtheoa001.raw | ||
| REL | |a 1 | ||
| SUB | |a REL | ||